Reptiles de France métropolitaine - Statistiques

Statistiques générales
  • Ce quiz a été pris 36 fois
  • Le résultat moyen est 19 sur 47
Statistiques - réponses
Ordre Famille Espèce % Correct
Vipéridés (vipères) Vipère aspic
86%
Lamprophiidés Couleuvre de Montpellier
79%
Couleuvre vipérine
79%
Lézard vert occidental
79%
Couleuvre verte et jaune
75%
Lézard des murailles
75%
Emydidés (tortues d'eau douce) Cistude d'Europe
71%
Couleuvre helvétique
71%
Squamates (lézards et serpents) Anguidés (orvets) Orvet fragile
71%
Vipère péliade
71%
Couleuvre d'Esculape
64%
Tortue de Floride
64%
Testudinidés (tortues terrestres) Tortue d'Hermann
61%
Vipère d'Orsini
57%
Phyllodactylidés Tarente de Maurétanie
54%
Dermochelyidés Tortue luth
54%
Lézard des souches
50%
Couleuvre à échelons
46%
Lézard ocellé
46%
Lézard vivipare
46%
Chéloniens (tortues) Cheloniidés (tortues marines) Tortue caouanne
46%
Tortue verte
46%
Coronelle lisse
43%
Vipère de Seoane
43%
Colubridés (couleuvres) Coronelle girondine
32%
Geoémydidés Émyde lépreuse
29%
Lézard catalan
29%
Scincidés Seps strié
29%
Psammodrome d'Edwards
25%
Tortue imbriquée
25%
Tortue olivâtre
25%
Gekkonidés Hémidactyle verruqueux
21%
Lézard de Bonnal
21%
Lézard des ruines
18%
Lézard du Val d'Aran
18%
Psammodrome algire
18%
Couleuvre tessellée
14%
Orvet de Vérone
14%
Natricidés ("couleuvres aquatiques") Couleuvre astreptophore
11%
Lézard d'Aurelio
11%
Lézard tyrrhénien
11%
Tortue de Kemp
11%
Tortue grecque
11%
Lacertidés (lézards) Algyroïde de Fitzinger
7%
Sphaerodactylidés Eulepte d'Europe
7%
Lézard de Bedriaga
7%
Chélydridés Tortue serpentine
4%
Aucun quiz correspondant
Distribution des résultats
% des personnes avec chaque résultat
Percentile par nombre de réponses
Votre historique - résultats
Vous n’avez pas pris ce quiz